Responses for Show #2176 - Monday, February 7, 1994

Contestants

[<< previous game]

Martha Swartz, an associate director originally from Boston, Massachusetts

Dave Moxness, a data processor from Van Nuys, California

Bob Tzudiker, a writer originally from Boston, Massachusetts (whose 1-day cash winnings total $11,300)

[next game >>]

Jeopardy! Round responses

ART
GRAMMAR
GARDENING
WORLD CITIES
CRIME TIME
GENERAL HOSPITAL
(Alex: The television soap opera.)
    $100 10
Napoleon

Dave
    $100 6
taller

Dave
    $100 26
the bee

Bob
    $100 1
Copenhagen

Martha
    $100 15
Clyde Barrow

Dave
    $100 7
Dustin Hoffman

Bob
    $200 11
the Painted Desert

Bob
    $200 8
I before E except after C

Dave
    $200 27
roses

Triple Stumper
    $200 2
London

Bob
    $200 16
a pickpocket

Bob
    $200 9
Los Angeles

Martha
    $300 12
Venus

Bob
    $300 23
(Dave: What is a semicolon?)
[Originally ruled incorrect; reversed before Double Jeopardy!]

the comma

Dave
    $300 28
grapes

Bob
    $500 3
(Bob: What is Rome?)
(Alex: Oh, you went with the wrong one. San Marco was probably the best-known ward in that collection, and that refers to the city of [*], St. Mark being the patron saint of [*].)

Venice

Bob
    $300 17
the lam

Bob
    $300 20
Demi Moore

Dave
    $400 13
Diego Rivera

Martha
    $400 24
(Bob: What is dangling?)
...
(Alex: Dangling usually refers to participles. [*] refers to modifiers.)

misplaced

Bob
Triple Stumper
    $400 29
the century plant

Bob
    $400 4
(Bob: What is Dublin?)

Edinburgh

Bob
Triple Stumper
    $400 18
La Cosa Nostra

Bob
    $400 21
John Stamos

Dave
    $500 14
Aristotle

Bob
    $500 25
the pronoun

Triple Stumper
    $500 30
nitrogen

Bob
    $500 5
(Dave: What is Edmonton?)

Calgary

Dave
Triple Stumper
    $500 19
John Dillinger

Dave
    $500 22
Luke & Laura

Dave

Scores at the first commercial break (after clue 11):

Bob Dave Martha
-$400 -$100 $300

Scores at the end of the Jeopardy! Round:

Bob Dave Martha
$2,200 $2,000 $700

Double Jeopardy! Round responses

THE 17th CENTURY
WEIGHTS & MEASURES
SONGS OF THE '70s
BUSINESS TALK
HAIL TO THE CHIEF
SCIENCE FICTION
    $200 4
the King James

Bob
    $200 5
(Martha: What is double?)
(Dave: What is king?)
(Bob: What is queen?)

Twin

BobDaveMartha
Triple Stumper
    $200 1
Donny Osmond

Dave
    $200 14
a balloon payment

Dave
    $200 22
(Dave: Who was W.C. Fields?)

Lyndon Johnson

BobDave
    $200 3
(Sir Walter) Scott

Bob
    $400 6
Galileo

Martha
    $400 10
coal

Bob
    $400 15
"You Light Up My Life"

Dave
    $400 23
(Dave: What is a fee?)
(Alex: Be more specific.)
...
(Alex: Less than a minute to go.)

startup fee (or commission)

Dave
    $400 24
Grant

Martha
    $400 2
Aldous Huxley

Dave
    $600 7
(Dave: What is the Cape of Good Hope?)

Cape Town

BobDave
    $600 11
the band

Bob
    $600 16
"Tonight's The Night"

Triple Stumper
    $600 27
[The end-of-round signal sounds.]

Wilson

Bob
    $600 19
H.G. Wells

Dave
    $800 8
Austria

Bob
    $800 12
a minute

Bob
    $800 17
"You're Sixteen"

Dave
    $5,000 26
Warren G. Harding

Dave
    $800 20
Ira Levin

Martha
    $1000 9
Samuel de Champlain

Triple Stumper
    $2,000 13
48

Bob
    $1000 18
The Righteous Brothers

Triple Stumper
    $1000 25
William Henry Harrison

Dave
    $1000 21
(Bob: Who is Crichton?)

Robin Cook

BobDave

Scores at the end of the Double Jeopardy! Round:

Bob Dave Martha
$7,400 $11,000 $2,100

[wagering suggestions for these scores]

Final Jeopardy! Round responses

POETIC HEROINES
MarthaWho is Morgan le Fey?
$2,000
BobWho was Mordred?
$4,000
DaveWho was Morgana Le Fey?
$6,700
Guinevere

Final scores:

Bob Dave Martha
$3,400 $4,300 $100
2nd place: Twinhead notebook computer + DÄ“Longhi cappucino maker New champion: $4,300 3rd place: Samsung fax machine + Wheel of Fortune & Jeopardy! games for the Super Nintendo & Sega Genesis

Game dynamics:

Coryat scores:

Bob Dave Martha
$6,900 $6,800 $2,100
22 R
(including 1 DD),
5 W
(including 1 DD)
19 R
(including 1 DD),
4 W
6 R,
1 W

Combined Coryat: $15,800

[game clues] [game scores] [suggest correction]

Game tape date: 1993-11-30
The J! Archive is created by fans, for fans. Scraping, republication, monetization, and malicious use prohibited; this site may use cookies and collect identifying information. See terms. The Jeopardy! game show and all elements thereof, including but not limited to copyright and trademark thereto, are the property of Jeopardy Productions, Inc. and are protected under law. This website is not affiliated with, sponsored by, or operated by Jeopardy Productions, Inc. Join the discussion at JBoard.tv.